Communauté d'agglomération Caudrésis-Catésis - Statistiques

Statistiques générales
  • Ce quiz a été pris 4 fois
  • Le résultat moyen est 12 sur 46
Réponses sur la Carte
Les réponses sont colorées sur une échelle allant du rouge au vert en fonction du pourcentage des utilisateurs qui les ont devinées à leur premier essai. Vous pouvez retrouver ces pourcentages ci-dessous.
 
Statistiques - réponses
Communes % Correct
Caudry
100%
Beauvois en Cambrésis
75%
Inchy
75%
Avesnes les Aubert
50%
Béthencourt
50%
Busigny
50%
Clary
50%
Le Cateau Cambrésis
50%
Villers Outréaux
50%
Walincourt Selvigny
50%
Bazuel
25%
Beaumont en Cambrésis
25%
Bertry
25%
Bévillers
25%
Boussières en Cambrésis
25%
Carnières
25%
Catillon sur Sambre
25%
Cattenières
25%
Elincourt
25%
Estourmel
25%
Fontaine au Pire
25%
Honnechy
25%
Ligny en Cambrésis
25%
Maretz
25%
Maurois
25%
Mazinghien
25%
Montay
25%
Neuvilly
25%
Quiévy
25%
Saint Benin
25%
Saint Souplet
25%
Troisvilles
25%
Briastre
0%
Caullery
0%
Dehéries
0%
Haucourt en Cambrésis
0%
La Groisse
0%
Malincourt
0%
Montigny en Cambrésis
0%
Ors
0%
Pommereuil
0%
Rejet de Beaulieu
0%
Reumont
0%
Saint Aubert
0%
Saint Hilaire lez Cambrai
0%
Saint Vaast en Cambrésis
0%
Aucun quiz correspondant
Distribution des résultats
% des personnes avec chaque résultat
Percentile par nombre de réponses
Votre historique - résultats
Vous n’avez pas pris ce quiz